| 000 | 00882nam a2200253 a 4500 | ||
|---|---|---|---|
| 001 | 69356 | ||
| 003 | BD-RjUL | ||
| 005 | 20211209081856.0 | ||
| 008 | 811231s1939 nyuac 000 0 eng | ||
| 035 | _a(BD-RjUL)69567 | ||
| 040 |
_aDLC _cCarP _dDLC _dBD-RjUL _beng |
||
| 041 | _aeng | ||
| 082 |
_223 _a551.6 _bMAC 1939 |
||
| 100 | 1 |
_aMatthew, William Diller, _d1871-1930. _9205475 |
|
| 245 | 1 | 0 |
_aClimate and evolution / _c William Diller Matthew; Charles Lewis Camp; Edwin H Colbert; V L VanderHoof |
| 260 |
_aNew York : _bNew York academy of sciences, _c1939. |
||
| 300 |
_a 223 p. : _bill. ; _c24 cm. |
||
| 650 | 0 |
_aClimatology. _9205476 |
|
| 700 | 1 |
_aColbert, Edwin Harris, _d1905- _9159158 |
|
| 700 | 1 |
_aBarbour, Thomas, _d1884-1946. _9205477 |
|
| 700 | 1 |
_aCamp, Charles Lewis, _d1893-1975. _9205478 |
|
| 700 | 1 |
_aVanderHoof, Vertress Lawrence, _d1904- _9205479 |
|
| 942 |
_2ddc _cBK |
||
| 999 |
_c69356 _d69356 |
||